Dôvodová správa k harmonogramu vyrovnávania veku odchodu do dôchodku žien a mužov

Dôvodová správa k Harmonogramu vyrovnávania veku odchodu do dôchodku žien a mužov.

Guardado en:
Detalles Bibliográficos
Formato: Capítulo de libro
Lenguaje:eslovaco
Materias:
Etiquetas: Agregar Etiqueta
Sin Etiquetas, Sea el primero en etiquetar este registro!

MARC

LEADER 00000naa a2200000 4500
001 r043669
005 20230927065212.9
041 0 |a slo 
044 |a SK 
245 1 0 |a Dôvodová správa k harmonogramu vyrovnávania veku odchodu do dôchodku žien a mužov 
520 |a Dôvodová správa k Harmonogramu vyrovnávania veku odchodu do dôchodku žien a mužov. 
610 2 0 |a systémy sociálne 
610 2 0 |a správy dôvodové 
610 2 0 |a poistenie sociálne 
610 2 0 |a reformy sociálne 
610 2 0 |a poistenie dôchodkové 
610 2 0 |a vek postproduktívny 
610 2 0 |a muži 
610 2 0 |a ženy 
610 2 0 |a dôchodcovia 
610 2 0 |a harmonogramy časové 
610 2 0 |a dôchodky starobné